| 000 | 00584nam a2200217Ia 4500 | ||
|---|---|---|---|
| 003 | BUBTL | ||
| 008 | 151213s9999 xx 000 0 und d | ||
| 020 | _a0393900916 | ||
| 082 | _a822.3/ W391d/ 2001 | ||
| 100 |
_a Webster, John _94902 |
||
| 245 |
_aThe Duchess of Malfi : _cJohn Webster |
||
| 250 | _a4th Edn. | ||
| 260 |
_aLondon _bA & C Black London _cc2001 |
||
| 300 |
_a[xlviii],134p. : _c20 cm |
||
| 650 | _aEnglish Literature | ||
| 650 | _a | ||
| 700 |
_aJohn Webster _95064 |
||
| 856 |
_k0 _l0 _yDownload |
||
| 942 |
_2ddc _cBK |
||
| 999 |
_c4686 _d4686 |
||